000 00731nam a22001337a 4500
040 _cRUA
082 _aAGR TAN 2022 B1.410 Or.1
100 _aTANG VISAL, តាំង វិសាល
245 _aEffects of different organic mulches applications on okra plants in sandy loam soil condition, ឥទ្ធិពលនៃការប្រើប្រាស់គម្របសរីរាង្គខុសៗគ្នាលើដំណាំពោតបារាំង ក្នុងលក្ខខណ្ឌដីល្បាយខ្សាច់
260 _aPHNOM PENH
_bRUA
_c2022
300 _ax,
_bill,
_c29cm,
856 _uhttps://drive.google.com/file/d/1MXWXMhARUJXahErOXlLvQbQLgSK43AoB/view?usp=sharing
942 _cAGR
999 _c24201
_d24201